[Event "EU-ch 25th"]
[Site "Eforie Nord"]
[Date "2025.03.24"]
[Round "9"]
[White "Hoanca, Alexia Ioana"]
[Black "Maksimov, Oleg"]
[Result "1/2-1/2"]
[WhiteElo "1933"]
[BlackElo "2180"]
[PlyCount "67"]
[EventDate "2025.03.15"]
[EventType "swiss"]
[EventRounds "11"]
[EventCountry "ROU"]
[SourceTitle "CB13_2025"]
[SourceDate "2025.03.26"]
[SourceVersion "1"]
[SourceVersionDate "2025.03.26"]
[SourceQuality "1"]

1. e4 c5 2. Nf3 Nc6 3. d4 cxd4 4. Nxd4 g6 5. Nc3 Bg7 6. Be3 Nf6 7. Nxc6 bxc6 8. e5 Ng8 9. Bd4 Qc7 10. Qe2 Nh6 11. g4 0-0 12. 0-0-0 d6 13. exd6 exd6 14. Bxg7 Kxg7 15. f3 d5 16. Qd2 f6 17. h4 Rb8 18. Bd3 Qb6 19. b3 Qb4 20. Qh2 Qxc3 21. Qxb8 Bxg4 22. Qf4 Bf5 23. Kb1 Qe5 24. Qd2 Bxd3 25. Qxd3 Nf5 26. h5 g5 27. h6+ Kh8 28. Rde1 Qf4 29. Re6 Nd4 30. Re7 f5 31. Qa6 Qd2 32. Rxh7+ Kg8 33. Rg7+ Kh8 34. Rh7+ 1/2-1/2

[Event "EU-ch 25th"]
[Site "Eforie Nord"]
[Date "2025.03.17"]
[Round "3"]
[White "Papasimakopoulos, Alexandros"]
[Black "Maksimov, Oleg"]
[Result "1/2-1/2"]
[WhiteElo "2387"]
[BlackElo "2180"]
[PlyCount "136"]
[EventDate "2025.03.15"]
[EventType "swiss"]
[EventRounds "11"]
[EventCountry "ROU"]
[SourceTitle "CB13_2025"]
[SourceDate "2025.03.26"]
[SourceVersion "1"]
[SourceVersionDate "2025.03.26"]
[SourceQuality "1"]

1. d4 Nf6 2. Nf3 g6 3. c4 Bg7 4. Nc3 d6 5. e4 0-0 6. Be2 Bg4 7. Be3 Nfd7 8. h3 Bxf3 9. Bxf3 c5 10. d5 Na6 11. Be2 Nc7 12. 0-0 a6 13. a4 e6 14. a5 exd5 15. exd5 Ne8 16. Qd2 Nef6 17. Bf4 Qc7 18. Bf3 Rfe8 19. Rfe1 h5 20. Na4 Nh7 21. Ra3 Rxe1+ 22. Qxe1 Ne5 23. Be2 Re8 24. Re3 Qd7 25. Qd1 Qf5 26. Bg3 Bh6 27. Rb3 Re7 28. Rb6 Rd7 29. b4 cxb4 30. c5 dxc5 31. Nxc5 Rc7 32. Nb3 Nf8 33. Rxb4 Nfd7 34. f4 Rc3 35. Nd4 Qe4 36. Nc6 Nc4 37. Rxc4 Rxc4 38. Bxc4 Qxc4 39. Ne5 Nxe5 40. fxe5 Qc1 41. Qxc1 Bxc1 42. Kf1 Bb2 43. Ke2 Bc3 44. Be1 Bxe5 45. g4 hxg4 46. hxg4 Kf8 47. Bb4+ Ke8 48. Ke3 Kd7 49. Ke4 Bd6 50. Bxd6 Kxd6 51. g5 Kd7 52. Kd4 Kd6 53. Kc4 Kd7 54. Kb4 Kd6 55. Kc4 Kd7 56. Kc5 Kc7 57. d6+ Kd7 58. Kd5 Kd8 59. Kd4 Kd7 60. Ke5 Kc6 61. Kf6 Kxd6 62. Kxf7 b5 63. axb6 a5 64. Kxg6 a4 65. b7 Kc7 66. Kf7 a3 67. g6 a2 68. g7 a1Q 1/2-1/2

[Event "Arad op 17th"]
[Site "Arad"]
[Date "2024.08.08"]
[Round "5"]
[White "Kraus, Tomas"]
[Black "Maksimov, Oleg"]
[Result "1-0"]
[WhiteElo "2462"]
[BlackElo "2191"]
[PlyCount "45"]
[EventDate "2024.08.05"]
[EventType "swiss"]
[EventRounds "9"]
[EventCountry "ROU"]
[SourceTitle "CBM 221 Extra"]
[Source "ChessBase"]
[SourceDate "2024.09.30"]
[SourceVersion "1"]
[SourceVersionDate "2024.09.30"]
[SourceQuality "1"]

1. e4 c5 2. Nf3 g6 3. d4 Bg7 4. c4 Nc6 5. dxc5 Qa5+ 6. Bd2 Qxc5 7. Nc3 Nf6 8. Be2 0-0 9. h3 Ne5 10. Rc1 Nxf3+ 11. Bxf3 d6 12. 0-0 Be6 13. Nd5 Bxd5 14. exd5 a5 15. Be3 Qb4 16. a3 Qxb2 17. Bd4 Qa2 18. Re1 b5 19. Re3 Nxd5 20. Bxd5 Bxd4 21. Qxd4 Rac8 22. Rxe7 Qxa3 23. Ra1 1-0

[Event "Moscow-ch Rapid"]
[Site "Moscow"]
[Date "2021.03.20"]
[Round "1"]
[White "Maksimov, Oleg"]
[Black "Bryakin, Mikhail"]
[Result "1/2-1/2"]
[WhiteElo "2219"]
[BlackElo "2464"]
[PlyCount "144"]
[EventDate "2021.03.20"]
[EventType "swiss (rapid)"]
[EventRounds "9"]
[EventCountry "RUS"]
[SourceTitle "CBM 201 Extra"]
[Source "ChessBase"]
[SourceDate "2021.05.31"]
[SourceVersion "1"]
[SourceVersionDate "2021.05.31"]
[SourceQuality "1"]

1. e4 c6 2. d3 d5 3. Nd2 g6 4. Ngf3 Bg7 5. g3 e5 6. Bg2 Ne7 7. 0-0 0-0 8. Re1 d4 9. Nc4 Qc7 10. a4 c5 11. c3 Nbc6 12. cxd4 cxd4 13. Bd2 a5 14. Qb3 h6 15. Qb6 Qxb6 16. Nxb6 Ra6 17. Nxc8 Rxc8 18. Bh3 Rca8 19. b3 Rb6 20. Rab1 Nb4 21. Bxb4 axb4 22. Rec1 Rc6 23. Bd7 Rc3 24. Bb5 Kh7 25. Bc4 f6 26. Ne1 h5 27. f4 Bh6 28. Ng2 exf4 29. gxf4 g5 30. fxg5 Rxc1+ 31. Rxc1 fxg5 32. Rf1 Rf8 33. Ne1 g4 34. Nc2 Nc6 35. Bd5 Ne5 36. Rxf8 Bxf8 37. Kf1 Bc5 38. Bxb7 Nxd3 39. Ne1 Ne5 40. a5 Kh6 41. a6 Kg5 42. Ke2 h4 43. Nd3 Nxd3 44. Kxd3 Kf4 45. Bc8 Ba7 46. Bd7 h3 47. Bc8 Bb6 48. Bd7 Ba7 49. Bc8 Bc5 50. Bd7 Bb6 51. Bc8 Kg5 52. Ke2 g3 53. Bxh3 gxh2 54. Bg2 Kf4 55. Kd3 Ba7 56. Bh1 Ke5 57. Bg2 Bb6 58. Bh1 Ba7 59. Bg2 Kf4 60. Bh1 Kg4 61. Ke2 Kf4 62. Kd3 Ke5 63. Bg2 Kd6 64. Kc4 Ke5 65. Kd3 Bb6 66. Bh1 Ba7 67. Bg2 Kf4 68. Bh1 Kg5 69. Ke2 Kg4 70. Kd3 Kf4 71. Bg2 Kg5 72. Bh1 Kg4 1/2-1/2

[Event "Moscow-ch rapid"]
[Site "Moscow"]
[Date "2020.11.01"]
[Round "7"]
[White "Afanasiev, Nikita"]
[Black "Maksimov, Oleg"]
[Result "1-0"]
[WhiteElo "2519"]
[BlackElo "2219"]
[PlyCount "113"]
[EventDate "2020.10.31"]
[EventType "swiss (rapid)"]
[EventRounds "9"]
[EventCountry "RUS"]
[SourceTitle "CBM 199 Extra"]
[Source "ChessBase"]
[SourceDate "2021.01.31"]
[SourceVersion "1"]
[SourceVersionDate "2021.01.31"]
[SourceQuality "1"]

1. c4 Nf6 2. Nf3 d6 3. d4 Nbd7 4. g3 c6 5. Bg2 e5 6. 0-0 Be7 7. Qc2 0-0 8. Nc3 Qc7 9. Rd1 Re8 10. b3 Bf8 11. e4 b5 12. c5 dxc5 13. dxe5 Nxe5 14. Nxe5 Qxe5 15. Bf4 Qh5 16. f3 Be6 17. Ne2 c4 18. Be3 Bc5 19. Nd4 Rad8 20. Bf2 Bd7 21. bxc4 b4 22. Rd3 Bh3 23. Rad1 Bxg2 24. Kxg2 Bxd4 25. Rxd4 Rxd4 26. Rxd4 c5 27. Rd6 Qe5 28. Rc6 Nd7 29. Qd2 Nf8 30. Rxc5 Qc3 31. Qe2 Rd8 32. Rd5 Rc8 33. c5 Ne6 34. Qa6 Rc7 35. Qb5 h6 36. h4 Kh7 37. Qa5 a6 38. Rd6 Qe5 39. Qxb4 g5 40. Rd5 Qa1 41. hxg5 hxg5 42. Qb3 Rc6 43. Rf5 Qg7 44. Qd1 Kg8 45. Rd5 Rc8 46. Qc2 g4 47. fxg4 Qxg4 48. Be3 Qg6 49. Rf5 Ng7 50. Rg5 Qf6 51. Qf2 Qxf2+ 52. Kxf2 Kf8 53. Ke2 Ne6 54. Rh5 Ke7 55. Kd3 Rg8 56. Bf4 Rc8 57. Kc4 1-0

[Event "Moscow-ch rapid"]
[Site "Moscow"]
[Date "2020.11.01"]
[Round "9"]
[White "Zhukov, Anton"]
[Black "Maksimov, Oleg"]
[Result "1-0"]
[WhiteElo "2233"]
[BlackElo "2219"]
[PlyCount "123"]
[EventDate "2020.10.31"]
[EventType "swiss (rapid)"]
[EventRounds "9"]
[EventCountry "RUS"]
[SourceTitle "CBM 199 Extra"]
[Source "ChessBase"]
[SourceDate "2021.01.31"]
[SourceVersion "1"]
[SourceVersionDate "2021.01.31"]
[SourceQuality "1"]

1. d4 Nf6 2. c4 d6 3. Nc3 e5 4. Nf3 e4 5. Nd2 Qe7 6. e3 c6 7. Be2 h5 8. Qc2 Bf5 9. b3 g6 10. Bb2 Bg7 11. h3 Nbd7 12. 0-0-0 a6 13. g3 b5 14. a4 b4 15. Na2 a5 16. Kb1 0-0 17. Rdg1 Qe6 18. g4 hxg4 19. hxg4 Bxg4 20. Bxg4 Nxg4 21. Nxe4 Ndf6 22. Nxf6+ Nxf6 23. Nc1 d5 24. Nd3 dxc4 25. bxc4 Ne4 26. Nf4 Qf5 27. Kc1 b3 28. Qd3 Rfe8 29. Rg2 c5 30. d5 Bxb2+ 31. Kxb2 Qe5+ 32. Ka3 Rab8 33. f3 Ng5 34. Nxg6 fxg6 35. Qxg6+ Qg7 36. Qxg5 Qxg5 37. Rxg5+ Kf7 38. e4 b2 39. Rb1 Rb4 40. Rxb2 Rxc4 41. Rf5+ Ke7 42. Rb7+ Kd6 43. Rb6+ Kc7 44. Rc6+ Kb8 45. Kb3 Rb4+ 46. Kc3 Rxa4 47. Rxc5 Ra3+ 48. Kb2 Ra4 49. Rf6 Re7 50. Rb6+ Ka7 51. Rbc6 Rb4+ 52. Kc3 Ra4 53. Rc7+ Rxc7 54. Rxc7+ Kb6 55. Rc6+ Kb5 56. Kb3 Rb4+ 57. Ka3 Rd4 58. Rc3 a4 59. Re3 Kc5 60. f4 Kd6 61. e5+ Kxd5 62. e6 1-0

[Event "EU-ch Online U2300 Final"]
[Site "Chess.com INT"]
[Date "2020.05.26"]
[Round "6"]
[White "Maksimov, Oleg"]
[Black "Ohanyan, Emin"]
[Result "0-1"]
[WhiteElo "2219"]
[BlackElo "2291"]
[PlyCount "42"]
[EventDate "2020.05.26"]
[EventType "swiss"]
[EventRounds "8"]
[EventCountry "NET"]
[SourceTitle "CBM 196 Extra"]
[Source "ChessBase"]
[SourceDate "2020.07.31"]
[SourceVersion "1"]
[SourceVersionDate "2020.07.31"]
[SourceQuality "1"]

1. e4 e5 2. Nc3 Nf6 3. g3 d5 4. exd5 Nxd5 5. Bg2 Be6 6. Nf3 Nc6 7. 0-0 Nxc3 8. bxc3 Bd6 9. Re1 0-0 10. d4 exd4 11. cxd4 Bg4 12. c3 Qf6 13. h3 Bd7 14. Ne5 Nxe5 15. dxe5 Bxe5 16. Rxe5 Qxe5 17. Qxd7 Qxc3 18. Rb1 Rad8 19. Qa4 Qe1+ 20. Bf1 Rd1 21. Qc4 b5 0-1

[Event "EU-ch Online U2300 Final"]
[Site "Chess.com INT"]
[Date "2020.05.26"]
[Round "4"]
[White "Manukyan, Artyom"]
[Black "Maksimov, Oleg"]
[Result "1-0"]
[WhiteElo "2148"]
[BlackElo "2219"]
[PlyCount "55"]
[EventDate "2020.05.26"]
[EventType "swiss"]
[EventRounds "8"]
[EventCountry "NET"]
[SourceTitle "CBM 196 Extra"]
[Source "ChessBase"]
[SourceDate "2020.07.31"]
[SourceVersion "1"]
[SourceVersionDate "2020.07.31"]
[SourceQuality "1"]

1. e4 c5 2. Nc3 g6 3. d4 cxd4 4. Qxd4 Nf6 5. Nf3 Nc6 6. Qa4 d6 7. e5 Ng4 8. Bf4 Bg7 9. exd6 0-0 10. Be2 exd6 11. 0-0 Re8 12. Bb5 Bf5 13. Bg3 Nge5 14. Nxe5 dxe5 15. Rad1 Qc8 16. Nd5 Kh8 17. c3 Rd8 18. Bh4 Rd7 19. Ne7 Rxe7 20. Bxc6 Qxc6 21. Qxc6 bxc6 22. Bxe7 h6 23. Rfe1 Kh7 24. Rd8 Rxd8 25. Bxd8 Be6 26. b3 f5 27. f3 Kg8 28. Bc7 1-0

[Event "EU-ch Online U2300 Qual"]
[Site "Chess.com INT"]
[Date "2020.05.25"]
[Round "3"]
[White "Chaqryan, Erik"]
[Black "Maksimov, Oleg"]
[Result "1-0"]
[WhiteElo "2231"]
[BlackElo "2219"]
[PlyCount "91"]
[EventDate "2020.05.25"]
[EventType "swiss"]
[EventRounds "8"]
[EventCountry "NET"]
[SourceTitle "EXT 2021"]
[Source "ChessBase"]
[SourceDate "2020.10.23"]
[SourceVersion "1"]
[SourceVersionDate "2020.10.23"]
[SourceQuality "1"]

1. d4 Nf6 2. c4 d6 3. Nc3 e5 4. Nf3 e4 5. Ng5 Qe7 6. Qc2 Nc6 7. e3 Bf5 8. b4 h6 9. Nh3 g5 10. b5 Nd8 11. a4 Bg7 12. Ba3 0-0 13. Be2 Re8 14. Ng1 c5 15. bxc6 bxc6 16. h4 g4 17. c5 d5 18. Ba6 Bc8 19. Bxc8 Rxc8 20. Nge2 Nh5 21. Ng3 Nxg3 22. fxg3 h5 23. 0-0 Bh6 24. Qd2 Ne6 25. Rf2 Rb8 26. Raf1 Rf8 27. Rf5 Ng7 28. Rf6 Kh7 29. Rxc6 f5 30. Nxd5 Qd7 31. Nf6+ Rxf6 32. Rxf6 Rb3 33. Bc1 Bxe3+ 34. Qxe3 Rxe3 35. Bxe3 Qxa4 36. c6 Qb3 37. Bf4 e3 38. c7 Qc3 39. Rf8 e2 40. Rb1 e1Q+ 41. Rxe1 Qxe1+ 42. Kh2 Ne6 43. c8Q Nxf8 44. Qxf8 Qe6 45. Qc5 a6 46. d5 1-0

[Event "Moscow-ch rapid"]
[Site "Moscow"]
[Date "2016.09.18"]
[Round "6"]
[White "Maksimov, Oleg"]
[Black "Deviatkin, Andrei"]
[Result "0-1"]
[WhiteElo "2281"]
[BlackElo "2508"]
[PlyCount "76"]
[EventDate "2016.09.17"]
[EventType "swiss (rapid)"]
[EventRounds "9"]
[EventCountry "RUS"]
[SourceTitle "CBM 174 Extra"]
[Source "ChessBase"]
[SourceDate "2016.10.10"]
[SourceVersion "1"]
[SourceVersionDate "2016.10.10"]
[SourceQuality "1"]

1. e4 c6 2. d4 d5 3. exd5 cxd5 4. Bd3 Nc6 5. c3 Nf6 6. Bf4 Bg4 7. Qb3 Qc8 8. Nd2 e6 9. Ngf3 Be7 10. 0-0 Bh5 11. Ne5 Nxe5 12. Bxe5 0-0 13. h3 Bg6 14. Bxg6 hxg6 15. Rfe1 Qc6 16. a4 Rfc8 17. Bh2 b6 18. Nf3 Nd7 19. Qb5 Qb7 20. Qd3 a6 21. Ne5 Nxe5 22. Bxe5 b5 23. axb5 Qxb5 24. Qd2 a5 25. h4 Ra7 26. b4 a4 27. Re3 Qe8 28. h5 gxh5 29. Rg3 f6 30. Qh6 Qf7 31. Bf4 Rxc3 32. Be3 a3 33. b5 Rb7 34. Rg6 Rxb5 35. Qxh5 Rb2 36. Bh6 Bf8 37. Qg4 f5 38. Qg5 Kh7 0-1

[Event "Moscow-ch rapid"]
[Site "Moscow"]
[Date "2016.09.17"]
[Round "4"]
[White "Maksimov, Oleg"]
[Black "Zakhartsov, Vladimir"]
[Result "1-0"]
[WhiteElo "2281"]
[BlackElo "2452"]
[PlyCount "97"]
[EventDate "2016.09.17"]
[EventType "swiss (rapid)"]
[EventRounds "9"]
[EventCountry "RUS"]
[SourceTitle "CBM 174 Extra"]
[Source "ChessBase"]
[SourceDate "2016.10.10"]
[SourceVersion "1"]
[SourceVersionDate "2016.10.10"]
[SourceQuality "1"]

1. e4 c5 2. Ne2 d6 3. d4 Nf6 4. Nbc3 cxd4 5. Nxd4 a6 6. g3 e5 7. Nde2 Be7 8. Bg2 Be6 9. h3 0-0 10. g4 h6 11. 0-0 Nbd7 12. Ng3 Nb6 13. Nd5 Nbxd5 14. exd5 Bd7 15. c4 Rc8 16. b3 b5 17. cxb5 Bxb5 18. Re1 Nh7 19. a4 Be8 20. b4 Bg5 21. Be3 Bxe3 22. Rxe3 Qb6 23. Nf5 Rc4 24. Bf1 Rxb4 25. a5 Qd8 26. Bxa6 g6 27. Ng3 f5 28. gxf5 gxf5 29. Rc3 Ng5 30. Bf1 f4 31. a6 fxg3 32. Rxg3 Qb6 33. Qe2 Rb2 34. Qe3 Qxe3 35. fxe3 Rb4 36. a7 Ba4 37. Rg4 e4 38. h4 Ra8 39. hxg5 h5 40. Rh4 Rxa7 41. Rxh5 Ra5 42. Bh3 Kg7 43. Be6 Kg6 44. Rh8 Kxg5 45. Rg8+ Kh4 46. Rg4+ Kh5 47. Kg2 Bd1 48. Rxd1 Ra2+ 49. Kg3 1-0

[Event "Moscow op-A"]
[Site "Moscow"]
[Date "2016.01.30"]
[Round "1"]
[White "Maksimov, Oleg"]
[Black "Inarkiev, Ernesto"]
[Result "0-1"]
[WhiteElo "2333"]
[BlackElo "2676"]
[PlyCount "108"]
[EventDate "2016.01.30"]
[EventType "swiss"]
[EventRounds "9"]
[EventCountry "RUS"]
[SourceTitle "CBM 170 Extra"]
[Source "ChessBase"]
[SourceDate "2016.02.25"]
[SourceVersion "1"]
[SourceVersionDate "2016.02.25"]
[SourceQuality "1"]

1. e4 c5 2. Ne2 Nf6 3. Nbc3 d6 4. d4 cxd4 5. Nxd4 a6 6. g3 e5 7. Nde2 Be7 8. Bg2 b5 9. h3 Nbd7 10. g4 b4 11. Nd5 Nxd5 12. exd5 a5 13. a3 Ba6 14. 0-0 0-0 15. Re1 Nc5 16. Be3 Qc7 17. axb4 axb4 18. Ng3 Rfc8 19. b3 Nd7 20. Be4 Nf6 21. Bf5 Bb7 22. Bxc8 Rxc8 23. Ra7 Ra8 24. Rxa8+ Bxa8 25. Qa1 Bb7 26. Qa4 Nxd5 27. Nf5 Bf8 28. Ra1 g6 29. Nh6+ Kg7 30. Bg5 f6 31. Bc1 Nc3 32. Qe8 Bc6 33. Qe6 Bd5 34. Qe8 Ne2+ 35. Kh2 Nxc1 36. Rxc1 Bc6 37. Qe6 Kxh6 38. Qxf6 Qe7 39. g5+ Kh5 40. c3 Qxf6 41. gxf6 Bh6 42. f7 Bd5 43. cxb4 Bxf7 44. Rc7 Be8 45. Rxh7 d5 46. Kg3 d4 47. f3 d3 48. Kf2 Bb5 49. Ke1 Bc6 50. f4 exf4 51. Rc7 Be4 52. Kf2 d2 53. Rd7 f3 54. b5 Bc2 0-1

[Event "Eforie Nord op 3rd"]
[Site "Eforie Nord"]
[Date "2011.06.27"]
[Round "8"]
[White "Cosma, Ioan"]
[Black "Maksimov, Oleg"]
[Result "1/2-1/2"]
[WhiteElo "2410"]
[BlackElo "2333"]
[PlyCount "176"]
[EventDate "2011.06.20"]
[EventType "swiss"]
[EventRounds "11"]
[EventCountry "ROU"]
[SourceTitle "CBM 143 Extra"]
[Source "ChessBase"]
[SourceDate "2011.08.29"]
[SourceVersion "1"]
[SourceVersionDate "2011.08.29"]
[SourceQuality "1"]

1. d4 Nf6 2. Nf3 g6 3. c4 Bg7 4. g3 0-0 5. Bg2 d6 6. 0-0 Nbd7 7. Nc3 e5 8. e4 exd4 9. Nxd4 Re8 10. h3 c6 11. Re1 a5 12. Rb1 Nc5 13. b3 d5 14. cxd5 Nxd5 15. exd5 Rxe1+ 16. Qxe1 Bxd4 17. Be3 Nd3 18. Qd2 Bxe3 19. Qxe3 Nb4 20. dxc6 Nxc6 21. Rd1 Qf8 22. Nd5 Be6 23. Nc7 Rd8 24. Rxd8 Nxd8 25. Nxe6 Nxe6 26. Bxb7 Qd6 27. Bg2 h5 28. h4 Nd4 29. Qe4 Qc5 30. Bf1 Nf5 31. Bc4 Kg7 32. Qd5 Qc7 33. a4 Nd6 34. Qe5+ Kh7 35. Qd4 Nf5 36. Qf6 Nh6 37. Qf4 Qe7 38. Qd2 Qc5 39. Qd5 Qb4 40. Kf1 Qc3 41. Qb7 Kg7 42. Qe7 Qb2 43. Qe2 Qd4 44. Qe7 Qb2 45. Kg2 Qc3 46. Qc7 Kf8 47. Qd8+ Kg7 48. Qe8 Qf6 49. Qe1 Ng4 50. Be2 Qe5 51. Qd2 Nh6 52. Bb5 Ng4 53. Bc6 Qc5 54. Bf3 Ne5 55. Qe3 Qc7 56. Qd4 Kh7 57. Be4 Ng4 58. Bf3 Ne5 59. Qd5 Kg7 60. Be2 Qc3 61. Bc4 Kh6 62. Qe4 Kg7 63. Qe2 Ng4 64. Qf3 Qxf3+ 65. Kxf3 f6 66. Ke2 Kf8 67. f3 Ne5 68. Ke3 Ke7 69. Be2 Kd6 70. Kd4 g5 71. f4 gxf4 72. gxf4 Ng6 73. Bxh5 Nxh4 74. Kc4 Ng2 75. Kb5 Nxf4 76. Bd1 Nd5 77. Bf3 Nb4 78. Kxa5 Kc5 79. Be4 Na2 80. Ka6 Nc3 81. Bf3 f5 82. Ka5 Na2 83. Bh1 Nb4 84. Bg2 f4 85. Bh1 Nc6+ 86. Ka6 Nd4 87. Kb7 Nxb3 88. Kc7 Kb4 1/2-1/2

[Event "Moscow Aeroflot op-B"]
[Site "Moscow"]
[Date "2004.02.24"]
[Round "8"]
[White "Maksimov, Oleg"]
[Black "Ibrayev, Nurlan"]
[Result "0-1"]
[WhiteElo "2401"]
[BlackElo "2445"]
[PlyCount "112"]
[EventDate "2004.02.17"]
[EventType "swiss"]
[EventRounds "9"]
[EventCountry "RUS"]
[SourceTitle "EXT 2005"]
[Source "ChessBase"]
[SourceDate "2004.11.15"]
[SourceVersion "1"]
[SourceVersionDate "2004.11.15"]
[SourceQuality "1"]

1. e4 c5 2. Nf3 d6 3. d4 cxd4 4. Nxd4 Nf6 5. Nc3 a6 6. g3 e6 7. Bg2 Qc7 8. 0-0 Be7 9. a4 Nc6 10. Nb3 b6 11. f4 Rb8 12. Qe2 0-0 13. Be3 Na5 14. Rad1 Nc4 15. Bc1 b5 16. axb5 axb5 17. Kh1 b4 18. Nb1 e5 19. f5 h6 20. g4 Nh7 21. Qf2 Bg5 22. h4 Bxc1 23. Rxc1 Nxb2 24. g5 hxg5 25. hxg5 Nxg5 26. f6 Qd8 27. c4 Qxf6 28. Qxb2 Qh6+ 29. Kg1 Nxe4 30. Bxe4 Qe3+ 31. Qf2 Qxe4 32. N1d2 Qg4+ 33. Qg2 Qxg2+ 34. Kxg2 Ra8 35. Ra1 Be6 36. Kf2 Ra3 37. Rxa3 bxa3 38. Ra1 Ra8 39. Ke3 f5 40. Kd3 Ra4 41. Kc3 Kf7 42. Nc1 e4 43. Kb3 Ra8 44. Ne2 Kf6 45. Nb1 d5 46. Rxa3 dxc4+ 47. Kc3 Rxa3+ 48. Nxa3 Ke5 49. Nd4 Bd5 50. Nac2 f4 51. Kd2 g5 52. Ke2 g4 53. Nb5 e3 54. Nc3 Bf3+ 55. Kf1 Be4 56. Na3 Bd3+ 0-1